| 000 | 00615nam a22001697a 4500 | ||
|---|---|---|---|
| 999 |
_c15062 _d15062 |
||
| 008 | 161019b xxu||||| |||| 00| 0 eng d | ||
| 020 | _a9789966250308 | ||
| 050 | _aHB 615 .E39 2012 | ||
| 100 | _aBR Professional Education Ltd. | ||
| 245 |
_aCPA Entrepreneurship & Communication(study text): _bpaper No. 3 / _cBR Professional Education Ltd. |
||
| 260 |
_aNairobi : _bBR Professional Education Ltd. , _c2012. |
||
| 300 |
_axiv, 220p. : _bill. ; _c30cm. |
||
| 500 | _aIncludes bibliography and index. | ||
| 650 | _aEtrepreneurship. | ||
| 650 | _aCommunication | ||
| 650 | _aCommunication. | ||
| 942 |
_2lcc _cSH_L_BOOKS _hHB 615 .E39 2012 _0661 |
||